Movies Quiz

Random Movies or Director Quiz
Score 0/31 Timer 13:00
3 Plays Today
% Correct
Star Wars
95.3%
Raiders of the Lost Ark
93.4%
Go
89.6%
Harrison Ford
79%
Baseball Films
77.2%
Dracula
76.5%
James Bond
74.2%
Vampire Films
68.6%
Goldfinger
65.9%
Casino Royale
65.8%
50 First Dates
65.5%
The Bourne Identity
65.1%
Field of Dreams
63.8%
Blade
62.8%
The Fugitive
54.8%
Taxi Driver
53%
% Correct
The Departed
50.6%
Memento
50.5%
GoldenEye
49.8%
Moonraker
48.5%
Blade Runner
47.8%
Major League
46.5%
Hugo
45.2%
Amnesia
43.3%
From Dusk Till Dawn
41.1%
Bull Durham
39.5%
The Natural
39.2%
Martin Scorsese
35.1%
The Last Temptation of Christ
29.1%
Let the Right One In
18.1%
Mulholland Dr.
17.8%
Remove Ads.
Support Sporcle.
Get the best of Sporcle when you Go Orange. This ad-free experience offers more features, more stats, and more fun while also helping to support Sporcle. Thank you for becoming a member.

You're not logged in!

Compare scores with friends on all Sporcle quizzes.
OR
Log In

Show Comments

Extras

Top Quizzes Today


Score Distribution

Your Account Isn't Verified!

In order to create a playlist on Sporcle, you need to verify the email address you used during registration. Go to your Sporcle Settings to finish the process.

Report this User

Report this user for behavior that violates our Community Guidelines.

Details: